[Event "Kuala Lumpur op 4th"]
[Site "Kuala Lumpur"]
[Date "2007.08.24"]
[Round "8"]
[White "Lomibao, Joy Sherrie"]
[Black "Spiller, Paul"]
[Result "1/2-1/2"]
[WhiteElo "2174"]
[BlackElo "2037"]
[PlyCount "28"]
[EventDate "2007.08.20"]
[EventType "swiss"]
[EventRounds "11"]
[EventCountry "MAS"]
[SourceTitle "CBM 120 Extra"]
[Source "ChessBase"]
[SourceDate "2007.11.01"]
[SourceVersion "1"]
[SourceVersionDate "2007.11.01"]
[SourceQuality "1"]

1. e4 c5 2. Nc3 Nc6 3. g3 g6 4. Bg2 Bg7 5. d3 d6 6. Be3 e6 7. Qd2 Rb8 8. Nge2 Nd4 9. 0-0 b5 10. h3 b4 11. Nd1 Nxe2+ 12. Qxe2 Ne7 13. f4 0-0 14. g4 f5 1/2-1/2

[Event "Kuala Lumpur op 4th"]
[Site "Kuala Lumpur"]
[Date "2007.08.20"]
[Round "2"]
[White "Lomibao, Joy Sherrie"]
[Black "Bitoon, Richard"]
[Result "1/2-1/2"]
[WhiteElo "2174"]
[BlackElo "2399"]
[PlyCount "73"]
[EventDate "2007.08.20"]
[EventType "swiss"]
[EventRounds "11"]
[EventCountry "MAS"]
[SourceTitle "CBM 120 Extra"]
[Source "ChessBase"]
[SourceDate "2007.11.01"]
[SourceVersion "1"]
[SourceVersionDate "2007.11.01"]
[SourceQuality "1"]

1. e4 c5 2. Nc3 e6 3. g3 Nc6 4. Bg2 Nf6 5. f4 d5 6. e5 Nd7 7. Nf3 a6 8. 0-0 b5 9. d4 Bb7 10. Ne2 cxd4 11. Nexd4 g6 12. Nxc6 Bxc6 13. Nd4 Bb7 14. Kh1 h5 15. Be3 Nc5 16. c3 Rc8 17. Bf2 h4 18. g4 Ne4 19. h3 Bc5 20. Kh2 g5 21. Be3 Qc7 22. a3 Rg8 23. Rc1 Be7 24. Nf3 Qb8 25. fxg5 Nxg5 26. Bf4 Nxf3+ 27. Qxf3 Rc4 28. Rce1 Qc7 29. Kh1 Bd8 30. Be3 Re4 31. Bd4 Bg5 32. Qd3 Rxe1 33. Rxe1 Rg7 34. Rf1 Kd7 35. Rf2 Ke8 36. Bf1 Bc8 37. Qf3 1/2-1/2

[Event "Phu Quoc zt 3.3"]
[Site "Phu Quoc"]
[Date "2007.01.11"]
[Round "4"]
[White "Lomibao, Joy Sherrie"]
[Black "Cunanan, Kimberly Jane"]
[Result "1-0"]
[WhiteElo "2183"]
[BlackElo "1978"]
[PlyCount "79"]
[EventDate "2007.01.11"]
[EventType "swiss"]
[EventRounds "9"]
[EventCountry "VIE"]
[SourceTitle "CBM 116 Extra"]
[Source "ChessBase"]
[SourceDate "2007.03.07"]
[SourceVersion "1"]
[SourceVersionDate "2007.03.07"]
[SourceQuality "1"]

1. e4 c6 2. d4 d5 3. Nc3 dxe4 4. Nxe4 Nf6 5. Ng3 h5 6. h4 Bg4 7. Be2 Bxe2 8. N1xe2 Nbd7 9. Nf4 e6 10. Bd2 Bd6 11. Qf3 Bxf4 12. Bxf4 Qb6 13. 0-0-0 0-0-0 14. Bg5 Rde8 15. Rhe1 Kb8 16. Re3 Ka8 17. Kb1 Qb5 18. Bxf6 gxf6 19. Ne4 Qd5 20. c4 Qxc4 21. Nd6 Qa4 22. Ra3 Qb4 23. Nxe8 Rxe8 24. Qxh5 Rf8 25. Rb3 Qd6 26. Qf3 f5 27. Qc3 Rb8 28. g3 Nf6 29. Rc1 Ne4 30. Qe3 a6 31. h5 Qd5 32. h6 Rh8 33. f3 Nxg3 34. Qg5 f4 35. Qg7 Qf5+ 36. Ka1 Rh7 37. Qf8+ Ka7 38. Qb4 Qb5 39. Qe7 Nf5 40. Qc7 1-0

[Event "Manila PGMA Cup 1st"]
[Site "Manila"]
[Date "2006.11.19"]
[Round "4"]
[White "Lomibao, Joy Sherrie"]
[Black "Gomez, John Paul"]
[Result "0-1"]
[WhiteElo "2188"]
[BlackElo "2387"]
[PlyCount "62"]
[EventDate "2006.11.17"]
[EventType "swiss"]
[EventRounds "9"]
[EventCountry "PHI"]
[SourceTitle "CBM 115 Extra"]
[Source "ChessBase"]
[SourceDate "2007.01.10"]
[SourceVersion "1"]
[SourceVersionDate "2007.01.10"]
[SourceQuality "1"]

1. e4 c5 2. Nc3 g6 3. g3 Bg7 4. Bg2 Nc6 5. d3 d6 6. Be3 e6 7. Qd2 Qa5 8. Nge2 Nd4 9. f4 Ne7 10. g4 0-0 11. h4 f5 12. h5 fxg4 13. hxg6 hxg6 14. Ng3 Bd7 15. Rh4 Nf3+ 16. Bxf3 gxf3 17. f5 exf5 18. Bh6 f4 19. Bxg7 Kxg7 20. Rxf4 c4 21. d4 Rxf4 22. Qxf4 Rf8 23. Qh4 Ng8 24. 0-0-0 Qd8 25. Qh2 Qg5+ 26. Kb1 Nh6 27. Rh1 f2 28. Nf1 Qf4 29. Qg2 Bg4 30. Rh4 g5 31. Ne2 Qf3 0-1

[Event "Olympiad Women-37"]
[Site "Turin"]
[Date "2006.05.24"]
[Round "4"]
[White "Lomibao, Joy Sherrie"]
[Black "Aketayeva, Dana"]
[Result "0-1"]
[WhiteElo "2163"]
[BlackElo "2328"]
[PlyCount "80"]
[EventDate "2006.05.21"]
[EventType "team-swiss"]
[EventRounds "13"]
[EventCountry "ITA"]
[SourceTitle "CBM 112 Extra"]
[Source "ChessBase"]
[SourceDate "2006.07.14"]
[SourceVersion "1"]
[SourceVersionDate "2006.07.14"]
[SourceQuality "1"]
[WhiteTeam "Philippines (W)"]
[BlackTeam "Kazakhstan (W)"]
[WhiteTeamCountry "PHI"]
[BlackTeamCountry "KAZ"]

1. d4 Nf6 2. Nf3 e6 3. Bf4 b6 4. e3 Bb7 5. h3 Be7 6. Bd3 c5 7. Nbd2 Nc6 8. c3 d6 9. 0-0 0-0 10. Qe2 Qc7 11. Rac1 Rfe8 12. e4 e5 13. Bg5 h6 14. Bh4 Nh5 15. d5 Nf4 16. Qe3 Nb8 17. Bg3 Ng6 18. h4 Nd7 19. h5 Ngf8 20. Ne1 Bg5 21. f4 exf4 22. Bxf4 Bxf4 23. Qxf4 Ne5 24. Be2 Nh7 25. Nef3 Nxf3+ 26. Bxf3 Ng5 27. Rf2 Ba6 28. c4 Re5 29. Nf1 Rae8 30. Ng3 Bc8 31. Rcf1 R8e7 32. Kh2 Qd8 33. Qd2 Qe8 34. b4 Qa4 35. Rb1 Rc7 36. Qc3 cxb4 37. Rxb4 Qd7 38. Nf5 Qd8 39. Ng3 Nh7 40. Rb3 Qh4+ 0-1

[Event "Kuala Lumpur op 2nd"]
[Site "Kuala Lumpur"]
[Date "2005.08.22"]
[Round "5"]
[White "Srivachirawat, Kannapon"]
[Black "Lomibao, Joy Sherrie"]
[Result "1-0"]
[WhiteElo "2186"]
[BlackElo "2126"]
[PlyCount "95"]
[EventDate "2005.08.20"]
[EventType "swiss"]
[EventRounds "11"]
[EventCountry "MAS"]
[SourceTitle "CBM 108 Extra"]
[Source "ChessBase"]
[SourceDate "2005.11.04"]
[SourceVersion "1"]
[SourceVersionDate "2005.11.04"]
[SourceQuality "1"]

1. e4 e5 2. Nf3 Nc6 3. Bb5 a6 4. Bxc6 dxc6 5. 0-0 Bd6 6. d4 Bg4 7. dxe5 Bxf3 8. Qxf3 Bxe5 9. Rd1 Qe7 10. Nc3 Nf6 11. Bf4 0-0 12. Bxe5 Qxe5 13. Qg3 Qxg3 14. hxg3 Rfe8 15. f3 Rad8 16. Rxd8 Rxd8 17. Rd1 Rxd1+ 18. Nxd1 Kf8 19. Kf2 Ke7 20. Ke3 Nd7 21. f4 f6 22. g4 Kd6 23. Nf2 c5 24. c4 b5 25. b3 Nb6 26. Kd3 Nc8 27. g3 b4 28. e5+ fxe5 29. Ne4+ Ke6 30. Nxc5+ Kd6 31. Ne4+ Kc6 32. fxe5 Ne7 33. Ng5 h6 34. Ne6 g6 35. Ke4 a5 36. Nd8+ Kd7 37. Nf7 Ke6 38. Nxh6 Nc6 39. Nf5 gxf5+ 40. gxf5+ Kf7 41. g4 Ne7 42. g5 c5 43. e6+ Kf8 44. f6 Ng6 45. Kd5 Nf4+ 46. Kd6 Ke8 47. f7+ Kf8 48. e7+ 1-0

[Event "Kuala Lumpur op 2nd"]
[Site "Kuala Lumpur"]
[Date "2005.08.21"]
[Round "4"]
[White "Lomibao, Joy Sherrie"]
[Black "Salimbagat, Rico"]
[Result "1-0"]
[WhiteElo "2126"]
[BlackElo "2379"]
[PlyCount "93"]
[EventDate "2005.08.20"]
[EventType "swiss"]
[EventRounds "11"]
[EventCountry "MAS"]
[SourceTitle "CBM 108 Extra"]
[Source "ChessBase"]
[SourceDate "2005.11.04"]
[SourceVersion "1"]
[SourceVersionDate "2005.11.04"]
[SourceQuality "1"]

1. e4 e5 2. Bc4 Nf6 3. Nc3 Bc5 4. d3 d6 5. f4 Ng4 6. f5 h5 7. Nf3 Nf2 8. Qe2 Nxh1 9. Bg5 f6 10. Be3 Bxe3 11. Qxe3 c6 12. 0-0-0 b5 13. Bb3 Qb6 14. d4 a5 15. a4 b4 16. Ne2 Ba6 17. Nh4 Nd7 18. Ng6 Rh6 19. Rxh1 Bxe2 20. Qxe2 exd4 21. Qc4 0-0-0 22. Qf7 d3 23. cxd3 Rxg6 24. fxg6 Qe3+ 25. Kb1 Nc5 26. Bc4 Rd7 27. Qe8+ Kb7 28. Rc1 Rc7 29. Qd8 Qd4 30. Rd1 Nxa4 31. Rd2 Nb6 32. Ba6+ Kxa6 33. Qxc7 Qg1+ 34. Kc2 a4 35. Re2 b3+ 36. Kd2 Qc5 37. Qxg7 a3 38. Qxf6 a2 39. Re1 d5 40. g7 dxe4 41. g8Q Qc2+ 42. Ke3 Qxd3+ 43. Kf2 Qd2+ 44. Kf1 e3 45. Qxb3 Qxe1+ 46. Kxe1 a1Q+ 47. Ke2 1-0

[Event "Olympiad Women-36"]
[Site "Mallorca"]
[Date "2004.10.27"]
[Round "12.1"]
[White "Mouradian, Knarik Jacob"]
[Black "Lomibao, Joy Sherrie"]
[Result "0-1"]
[WhiteElo "2119"]
[BlackElo "2089"]
[PlyCount "46"]
[EventDate "2004.10.15"]
[EventType "team-swiss"]
[EventRounds "14"]
[EventCountry "ESP"]
[SourceTitle "CBM 102 Extra"]
[Source "ChessBase"]
[SourceDate "2004.11.03"]
[SourceVersion "1"]
[SourceVersionDate "2004.11.03"]
[SourceQuality "1"]
[WhiteTeam "Lebanon (W)"]
[BlackTeam "Philippines (W)"]
[WhiteTeamCountry "LBN"]
[BlackTeamCountry "PHI"]

1. e4 d6 2. d4 Nf6 3. f3 g6 4. c4 Bg7 5. Nc3 0-0 6. Be3 e5 7. Nge2 c6 8. Qd2 Nbd7 9. Rd1 Qe7 10. g3 d5 11. cxd5 cxd5 12. exd5 e4 13. Bg2 exf3 14. Bxf3 Nb6 15. b3 Bg4 16. d6 Qxd6 17. Bxb7 Rae8 18. Bf4 Qe7 19. Bg2 Nfd5 20. Nxd5 Nxd5 21. 0-0 Nxf4 22. Qxf4 Bxe2 23. Rde1 Qd7 0-1

[Event "Olympiad Women-36"]
[Site "Mallorca"]
[Date "2004.10.25"]
[Round "10.1"]
[White "Lomibao, Joy Sherrie"]
[Black "Boric, Elena"]
[Result "0-1"]
[WhiteElo "2089"]
[BlackElo "2252"]
[PlyCount "124"]
[EventDate "2004.10.15"]
[EventType "team-swiss"]
[EventRounds "14"]
[EventCountry "ESP"]
[SourceTitle "CBM 102 Extra"]
[Source "ChessBase"]
[SourceDate "2004.11.03"]
[SourceVersion "1"]
[SourceVersionDate "2004.11.03"]
[SourceQuality "1"]
[WhiteTeam "Philippines (W)"]
[BlackTeam "Bosnia&Herzegovina (W)"]
[WhiteTeamCountry "PHI"]
[BlackTeamCountry "BIH"]

1. e4 Nf6 2. Nc3 d5 3. exd5 Nxd5 4. Bc4 c6 5. Qf3 Nf6 6. Ne4 Nbd7 7. Nxf6+ Nxf6 8. h3 g6 9. Ne2 Bg7 10. d4 0-0 11. Bd2 Bf5 12. Bd3 Bxd3 13. Qxd3 Qd7 14. 0-0 Rad8 15. Rfd1 c5 16. dxc5 Qxd3 17. cxd3 Rxd3 18. Ba5 Rd5 19. Rac1 Rc8 20. Bb4 e6 21. Nc3 Rxd1+ 22. Rxd1 Bf8 23. Nb5 Nd5 24. a3 a6 25. Nd6 Bxd6 26. cxd6 Rd8 27. Rd4 b6 28. Kf1 a5 29. Bc3 Rxd6 30. Rc4 Nxc3 31. Rxc3 Kg7 32. Ke2 g5 33. Rc4 h5 34. a4 f5 35. g3 Kf6 36. b4 axb4 37. Rxb4 Rc6 38. Rb5 Rc4 39. Rxb6 Rxa4 40. Kf3 h4 41. Rb2 Ra3+ 42. Kg2 hxg3 43. fxg3 Ke5 44. Re2+ Kd5 45. Rd2+ Ke4 46. Re2+ Re3 47. Ra2 f4 48. Ra4+ Kf5 49. g4+ Kf6 50. Ra5 Re2+ 51. Kf1 Rh2 52. Ra3 Rb2 53. Ra6 Rd2 54. Ra8 Rd5 55. Ke2 Ke5 56. Ra3 Ke4 57. Rb3 Rd4 58. Ra3 Rb4 59. Ra6 e5 60. Ra3 f3+ 61. Kf2 Rb2+ 62. Kg1 Kf4 0-1

[Event "SEA Games op (Women) 22nd"]
[Site "Ho Chi Minh City"]
[Date "2003.12.13"]
[Round "9"]
[White "Nguyen, Thi Thanh An"]
[Black "Lomibao, Joy Sherrie"]
[Result "1-0"]
[WhiteElo "2331"]
[BlackElo "2082"]
[PlyCount "71"]
[EventDate "2003.12.08"]
[EventType "swiss"]
[EventRounds "9"]
[EventCountry "VIE"]
[SourceTitle "CBM 097 Extra"]
[Source "ChessBase"]
[SourceDate "2004.01.13"]
[SourceVersion "1"]
[SourceVersionDate "2004.01.13"]
[SourceQuality "1"]

1. c4 e5 2. Nc3 Nc6 3. g3 g6 4. Bg2 Bg7 5. d3 d6 6. e4 Be6 7. Nge2 Nge7 8. Bg5 Qd7 9. Nd5 Bxd5 10. cxd5 Nd4 11. Nxd4 exd4 12. h4 0-0-0 13. Qc2 Kb8 14. 0-0-0 Rde8 15. Kb1 h6 16. Bh3 f5 17. Bxe7 Rxe7 18. h5 Qb5 19. hxg6 fxe4 20. dxe4 d3 21. Rxd3 Rxe4 22. Rc1 Rc4 23. Rb3 Rxc2 24. Rxb5 Rxf2 25. Be6 Re8 26. g4 Bf6 27. a3 c6 28. Rxc6 Be5 29. Rc2 Ref8 30. Bf7 Rxc2 31. Kxc2 Kc7 32. Rb3 Bg7 33. Rh3 Rh8 34. Be6 Bf6 35. Rf3 Rf8 36. Rxf6 1-0

[Event "SEA Games op (Women) 22nd"]
[Site "Ho Chi Minh City"]
[Date "2003.12.12"]
[Round "7"]
[White "Lomibao, Joy Sherrie"]
[Black "Lin, Ailin"]
[Result "1-0"]
[WhiteElo "2082"]
[BlackElo "2078"]
[PlyCount "57"]
[EventDate "2003.12.08"]
[EventType "swiss"]
[EventRounds "9"]
[EventCountry "VIE"]
[SourceTitle "CBM 097 Extra"]
[Source "ChessBase"]
[SourceDate "2004.01.13"]
[SourceVersion "1"]
[SourceVersionDate "2004.01.13"]
[SourceQuality "1"]

1. e4 c5 2. Nf3 e6 3. d4 cxd4 4. Nxd4 Nf6 5. Nc3 d6 6. Be3 a6 7. Bd3 b5 8. 0-0 Bb7 9. a3 Be7 10. f4 0-0 11. Qf3 Re8 12. Qh3 g6 13. f5 e5 14. Nf3 Nbd7 15. Ng5 Bf8 16. fxg6 hxg6 17. Rf3 Bg7 18. Raf1 Nf8 19. Qh4 Rb8 20. Qf2 N8d7 21. Qh4 Bc6 22. Nd1 d5 23. Nf2 Qe7 24. Ng4 dxe4 25. Nxf6+ Nxf6 26. Rxf6 Bxf6 27. Qh7+ Kf8 28. Nxe4 Bxe4 29. Bh6+ 1-0

[Event "SEA Games op (Women) 22nd"]
[Site "Ho Chi Minh City"]
[Date "2003.12.09"]
[Round "3"]
[White "Lomibao, Joy Sherrie"]
[Black "Liu, Yang Hazel"]
[Result "1/2-1/2"]
[WhiteElo "2082"]
[BlackElo "2028"]
[PlyCount "37"]
[EventDate "2003.12.08"]
[EventType "swiss"]
[EventRounds "9"]
[EventCountry "VIE"]
[SourceTitle "CBM 097 Extra"]
[Source "ChessBase"]
[SourceDate "2004.01.13"]
[SourceVersion "1"]
[SourceVersionDate "2004.01.13"]
[SourceQuality "1"]

1. e4 c5 2. Nc3 Nc6 3. g3 g6 4. Bg2 Bg7 5. d3 e6 6. Be3 d6 7. Qd2 Nge7 8. Nge2 Nd4 9. 0-0 0-0 10. Nd1 Rb8 11. c3 Nxe2+ 12. Qxe2 b6 13. d4 cxd4 14. cxd4 Bb7 15. Nc3 f5 16. e5 Bxg2 17. Kxg2 dxe5 18. dxe5 Nd5 19. f4 1/2-1/2

[Event "Olympiad Women-35"]
[Site "Bled"]
[Date "2002.10.30"]
[Round "5.3"]
[White "Lomibao, Joy Sherrie"]
[Black "Melnik, Galina Ivanovna"]
[Result "1-0"]
[WhiteElo "2081"]
[BlackElo "2144"]
[PlyCount "89"]
[EventDate "2002.10.26"]
[EventType "team-swiss"]
[EventRounds "14"]
[EventCountry "SLO"]
[SourceTitle "EXT 2003"]
[Source "ChessBase"]
[SourceDate "2002.11.25"]
[SourceVersion "1"]
[SourceVersionDate "2002.11.25"]
[SourceQuality "1"]
[WhiteTeam "Philippines (W)"]
[BlackTeam "IPCA (W)"]
[WhiteTeamCountry "PHI"]

1. e4 d5 2. exd5 Qxd5 3. Nc3 Qa5 4. d4 c6 5. Nf3 Bg4 6. Be2 Nf6 7. 0-0 e6 8. h3 Bxf3 9. Bxf3 Bd6 10. Ne4 Nxe4 11. Bxe4 Nd7 12. Qg4 0-0-0 13. Qxg7 f5 14. Bf3 e5 15. Qg5 exd4 16. Bd2 Qe5 17. g3 Rhg8 18. Qh4 Qg7 19. Bg2 Be5 20. Bf4 Qf7 21. Bxe5 Nxe5 22. Qf4 Ng6 23. Qf3 f4 24. Qb3 Qf6 25. Rae1 Ne5 26. h4 f3 27. Bh3+ Kb8 28. Qe6 Nd7 29. Qxf6 Nxf6 30. Re7 d3 31. cxd3 Rxd3 32. Rf7 Nd5 33. Bf5 Rd2 34. Bxh7 Re8 35. Bg6 Ree2 36. Rxf3 Rxb2 37. h5 Re6 38. Bf7 Rh6 39. g4 Rb4 40. g5 Rh8 41. Bxd5 cxd5 42. h6 Rh4 43. Kg2 Rg8 44. Rg3 Rf4 45. h7 1-0

[Event "Manila zt 3.2a (Women)"]
[Site "Manila"]
[Date "2001.04.27"]
[Round "5"]
[White "Tungalag, Nyamaa"]
[Black "Lomibao, Joy Sherrie"]
[Result "1/2-1/2"]
[WhiteElo "2131"]
[BlackElo "2041"]
[PlyCount "91"]
[EventDate "2001.04.24"]
[EventType "swiss"]
[EventRounds "9"]
[EventCountry "PHI"]
[SourceTitle "CBM 082 Extra"]
[Source "ChessBase"]
[SourceDate "2001.07.03"]
[SourceVersion "1"]
[SourceVersionDate "2001.07.03"]
[SourceQuality "1"]

1. e4 c5 2. Nf3 d6 3. d4 cxd4 4. Nxd4 Nf6 5. Nc3 g6 6. Be2 Bg7 7. 0-0 0-0 8. Kh1 Nc6 9. Be3 Bd7 10. Rb1 Nxd4 11. Bxd4 Bc6 12. Bf3 e6 13. Qe2 Re8 14. Rfd1 Qe7 15. e5 Bxf3 16. Qxf3 dxe5 17. Bxe5 Rad8 18. h3 Nh5 19. Bxg7 Nxg7 20. Rxd8 Rxd8 21. Rd1 Rxd1+ 22. Qxd1 Nf5 23. Ne4 e5 24. c3 Ng7 25. Qd5 h6 26. Kg1 Nh5 27. g3 Kg7 28. Qd6 Qe8 29. Qc7 Qb5 30. b3 Qd5 31. Nd6 Qd1+ 32. Kh2 Qf3 33. Qc5 Nf6 34. Kg1 Qd1+ 35. Kg2 e4 36. Qe5 Qf3+ 37. Kg1 Kf8 38. Qd4 e3 39. fxe3 Qxg3+ 40. Kf1 Qxh3+ 41. Ke2 Qg2+ 42. Kd3 Qf1+ 43. Kc2 Qg2+ 44. Kb1 Qf1+ 45. Kc2 Qe2+ 46. Kb1 1/2-1/2